| 000 | 00978nam a2200265 i 4500 | ||
|---|---|---|---|
| 003 | IT-RoINE | ||
| 005 | 20221124112812.0 | ||
| 008 | 030528s1987 sp |||||rb |001|| spa d | ||
| 020 | _a8431310294 | ||
| 040 |
_aUPSA _cIT-RoINE _dIT-RoINE |
||
| 100 | 1 |
_aGuerra Gómez, Manuel, _d1931-2021 _92495 |
|
| 245 | 1 | 3 |
_aEl laicado masculino y femenino : _b(en los primeros siglos de la Iglesia) / _cManuel Guerra Gómez. |
| 260 |
_aPamplona : _bEdiciones Universidad de Navarra, _c1987. |
||
| 300 |
_a307 p. ; _c24 cm. |
||
| 336 |
_2rdacontent _atext |
||
| 337 |
_2rdamedia _aunmediated |
||
| 338 |
_2rdacarrier _avolume |
||
| 490 | 1 | 0 |
_aColección teológica ; _v55 |
| 500 | _aIncluye índices. | ||
| 504 | _aIncluye bibliografía. | ||
| 650 | 0 | 4 |
_aSeglares _xHistoria _yca. 30-600 (Iglesia primitiva) _92920 |
| 650 | 0 | 4 |
_aMujeres en el cristianismo _xHistoria _yca. 30-600 (Iglesia primitiva) _92921 |
| 830 | 0 |
_92208 _aColección teológica (Universidad de Navarra) ; _v55 |
|
| 942 | _cMTS | ||
| 999 |
_c1515 _d1515 |
||